|
|
|
|
| LEADER |
01084nam a22002657a 4500 |
| 001 |
31943 |
| 003 |
BD-DhAAL |
| 005 |
20180313100801.0 |
| 008 |
171211t2013 ru a|||| |||| 00| 0 r d |
| 999 |
|
|
|c 38824
|d 38824
|
| 020 |
|
|
|a 9785976509665
|
| 020 |
|
|
|a 9785020372818
|
| 040 |
|
|
|a BD-DhAAL
|
| 082 |
|
|
|a 491.715
|
| 100 |
|
|
|a Kuzmina, N.V.
|9 24251
|
| 245 |
|
|
|a Russian Grammar in Tables :
|b Russkaia Grammatika V Tablitsakh /
|c N.V. Kuzmina
|
| 260 |
|
|
|a Mockba :
|b Flinta,
|c 2013
|
| 300 |
|
|
|a 87 pages :
|b illustrations ;
|c 29 cm.
|
| 526 |
|
|
|a AAL
|
| 541 |
|
|
|a Complementary copy
|e 31943
|
| 650 |
|
|
|a Russian language
|x Grammer
|9 24252
|
| 852 |
|
|
|a Ayesha Abed Library
|c General Stacks
|
| 942 |
|
|
|2 ddc
|c BK
|
| 952 |
|
|
|0 0
|1 0
|2 ddc
|4 0
|6 491_715000000000000_KUZ
|7 0
|9 62289
|a BRACUL
|b BRACUL
|c GEN
|d 2017-12-11
|e Complementary copy from BIL
|l 0
|o 491.715 KUZ
|p 3010031943
|r 2017-12-11
|t 2
|w 2017-12-11
|y BK
|
| 952 |
|
|
|0 0
|1 0
|2 ddc
|4 0
|6 491_715000000000000_KUZ
|7 0
|9 62290
|a BRACUL
|b BRACUL
|c GEN
|d 2017-12-11
|e Complementary copy from BIL
|l 1
|m 28
|o 491.715 KUZ
|p 3010031942
|r 2023-06-10
|s 2022-09-29
|t 1
|w 2017-12-11
|y BK
|